Goigs a llaor de l'Apòstol Sant Bartomeu : venerat a l'Església Parroquial de Santa Agnès de Malenyanes, Bisbat de Barcelona, al Vallès / música de Mn. Narcís Pagès venerat a l'Església Parroquial de Santa Agnès de Malenyanes, Bisbat de Barcelona, al Vallès / música de Mn. Narcís Pagès

Publicat: Barcelona : Balmes, [1940?]
Descripció física: 1 f. : il. ; 32 cm
Altres autors: Pagès, Narcís

MARC

LEADER 00000nam a2200000Ia 4500
001 23605
008 160829s9999 xx 000 0 cat d
080 |a Calaixera A-356 
245 |a Goigs a llaor de l'Apòstol Sant Bartomeu :  |b  venerat a l'Església Parroquial de Santa Agnès de Malenyanes, Bisbat de Barcelona, al Vallès / música de Mn. Narcís Pagès 
260 |a Barcelona :  |b Balmes, [1940?] 
300 |a 1 f. :  |b  il. ;  |c 32 cm 
590 |a Text a tres columnes separades per filets.  
590 |a Goigs cantat a l'Església de Santa Agnés de Malenyanes a la Roca del Vallès (Vallès Oriental).  
590 |a Imatge de l'advocació flanquejada per dos composicions tipogràfics i orla amb motius tipogràfics.  
590 |a Data deduïda de l'època de l'impressió. 
650 |a Bartomeu, Apòstol, sant  |x Goigs   |9 49000 
650 |a Goigs catalans  |x Vallès Oriental  |9 49001 
700 |a Pagès, Narcís  |9 49002 
901 |a Arxiu 
942 |n 1 
952 |0 0  |1 0  |4 0  |6 CALAIXERA_A356  |7 1  |9 55031  |a Arxiu  |b Arxiu  |d 2012-08-22  |l 0  |o Calaixera A-356  |p 23605  |r 2016-12-01 00:00:00  |w 2016-12-01  |y ARXIU 
999 |c 58901  |d 58901